Quiz o Sentino - Statystyki

Ogólne statystyki
  • Ten quiz został rozwiązany 67 razy
  • Średni wynik to 5 z 8
Statystyki odpowiedzi
Hint Odpowiedź % Poprawnych
Czy ma psa? Tak
95%
Ile ma lat? 42
86%
Kto jest jego managerem? Trueman
69%
Z kim wydał piosenkę "LOST" Fagata
68%
Jak na niego ludzie mówią? Tatuażyk
63%
Jak ma na instagramie? Sentinobln
58%
Jak brzmi jego pseudonim King Sento
56%
Jak się nazywa? Sebastian Enrique Alvarez
54%
Nie znaleziono quizów pasujących do podanych kryteriów
Rozkład punktacji
Procent ludzi z każdym wynikiem
Percentyl według liczby udzielonych odpowiedzi
Twoja historia wyników
Nie rozwiązałeś tego quizu